000 01367nam a2200325 i 4500
003 EG-GICUC
005 20260121101350.0
008 251127s1986 ua d|||fr|||| 00| 0 ara d
017 _a۱۹۸۰/٥٣١٨
040 _a EG-GICUC
_bara
_c EG-GICUC
_d EG-GICUC
_erda
041 0 _aara
082 0 4 _221
_a345.441
_bع ب . م
092 0 4 _221
099 _aLaw1 07 345.441 ع ب . م 6 ed - 1968
100 0 _aعبد المنعم محفوظ
_eمؤلف.
245 1 2 _aالموظفون والحكومة بين الخضوع والمواجهة :
_b(دراسة تحليلية وتأصيلية في القانون المقارن) /
_cالدكتور عبد المنعم محفوظ.
250 _aالطبعة السادسة
264 1 _aالقاهرة :
_bدار النهضة العربية،
_c1986.
300 _a479 صفحة :
_bإيضاحيات؛
_c24 سم.
336 _2rda content
_atext
337 _2rda media
_aComputer
338 _2rda carrier
_aOnline Resource
504 _aيشتمل على إرجاعات ببليوجرافية.
546 _aالنص أغلبه باللغة العربية مع بعض النصوص الإنجليزية
650 1 4 _aمبدأ طاعة الرؤساء
650 1 4 _aالقانون الإداري
856 4 0 _uhttps://fll.law.cu.edu.eg/fulltext/bks/B07-01180.pdf
905 _a32
_eYara
942 _2ddc
_cBK
_e21
_n0
999 _c46358
_d46358